000 00650nam a2200205Ia 4500
003 GCL
008 140319s9999 xx 000 0 ara d
040 _aGCL /
_cGCL
082 0 4 _a842
_bهـ ا
100 1 _aهرفيو, برل
245 1 0 _aاعرف نفسك /
_cهرفيو, برل
700 1 _aنعمات عبداللة رشدى
700 1 _aفؤاد كامل عبدالعزيز (مراجع)
300 _a160 ص
490 _aروائع المسرح العالمى
_v0
650 0 4 _aالمسرح الفرنسى
650 0 4 _aالادب الفرنسى
650 0 4 _aالمسرحيات الفرنسية المترجمة
942 _2ddc
_cBK
999 _c38394
_d38394